|
|
|
|
| LEADER |
02915nam a22005895i 4500 |
| 001 |
978-3-540-33691-4 |
| 003 |
DE-He213 |
| 005 |
20170119123109.0 |
| 007 |
cr nn 008mamaa |
| 008 |
100301s2006 gw | s |||| 0|eng d |
| 020 |
|
|
|a 9783540336914
|9 978-3-540-33691-4
|
| 024 |
7 |
|
|a 10.1007/11741060
|2 doi
|
| 040 |
|
|
|d GrThAP
|
| 050 |
|
4 |
|a QA76.758
|
| 072 |
|
7 |
|a UMZ
|2 bicssc
|
| 072 |
|
7 |
|a COM051230
|2 bisacsh
|
| 082 |
0 |
4 |
|a 005.1
|2 23
|
| 245 |
1 |
0 |
|a Construction and Analysis of Safe, Secure, and Interoperable Smart Devices
|h [electronic resource] :
|b Second International Workshop, CASSIS 2005, Nice, France, March 8-11, 2005, Revised Selected Papers /
|c edited by Gilles Barthe, Benjamin Grégoire, Marieke Huisman, Jean-Louis Lanet.
|
| 264 |
|
1 |
|a Berlin, Heidelberg :
|b Springer Berlin Heidelberg :
|b Imprint: Springer,
|c 2006.
|
| 300 |
|
|
|a X, 173 p.
|b online resource.
|
| 336 |
|
|
|a text
|b txt
|2 rdacontent
|
| 337 |
|
|
|a computer
|b c
|2 rdamedia
|
| 338 |
|
|
|a online resource
|b cr
|2 rdacarrier
|
| 347 |
|
|
|a text file
|b PDF
|2 rda
|
| 490 |
1 |
|
|a Lecture Notes in Computer Science,
|x 0302-9743 ;
|v 3956
|
| 505 |
0 |
|
|a The Architecture of a Privacy-Aware Access Control Decision Component -- Mobile Resource Guarantees and Policies -- Information Flow Analysis for a Typed Assembly Language with Polymorphic Stacks -- Romization: Early Deployment and Customization of Java Systems for Constrained Devices -- Typed Compilation Against Non-manifest Base Classes -- The Design of Application-Tailorable Operating System Product Lines -- Bringing Ease and Adaptability to MPSoC Software Design: A Component-Based Approach -- Modular Proof Principles for Parameterised Concretizations -- Formalisation and Verification of the GlobalPlatform Card Specification Using the B Method.
|
| 650 |
|
0 |
|a Computer science.
|
| 650 |
|
0 |
|a Special purpose computers.
|
| 650 |
|
0 |
|a Computer programming.
|
| 650 |
|
0 |
|a Software engineering.
|
| 650 |
|
0 |
|a Programming languages (Electronic computers).
|
| 650 |
|
0 |
|a Operating systems (Computers).
|
| 650 |
|
0 |
|a Computer logic.
|
| 650 |
1 |
4 |
|a Computer Science.
|
| 650 |
2 |
4 |
|a Software Engineering.
|
| 650 |
2 |
4 |
|a Special Purpose and Application-Based Systems.
|
| 650 |
2 |
4 |
|a Programming Techniques.
|
| 650 |
2 |
4 |
|a Programming Languages, Compilers, Interpreters.
|
| 650 |
2 |
4 |
|a Operating Systems.
|
| 650 |
2 |
4 |
|a Logics and Meanings of Programs.
|
| 700 |
1 |
|
|a Barthe, Gilles.
|e editor.
|
| 700 |
1 |
|
|a Grégoire, Benjamin.
|e editor.
|
| 700 |
1 |
|
|a Huisman, Marieke.
|e editor.
|
| 700 |
1 |
|
|a Lanet, Jean-Louis.
|e editor.
|
| 710 |
2 |
|
|a SpringerLink (Online service)
|
| 773 |
0 |
|
|t Springer eBooks
|
| 776 |
0 |
8 |
|i Printed edition:
|z 9783540336891
|
| 830 |
|
0 |
|a Lecture Notes in Computer Science,
|x 0302-9743 ;
|v 3956
|
| 856 |
4 |
0 |
|u http://dx.doi.org/10.1007/11741060
|z Full Text via HEAL-Link
|
| 912 |
|
|
|a ZDB-2-SCS
|
| 912 |
|
|
|a ZDB-2-LNC
|
| 950 |
|
|
|a Computer Science (Springer-11645)
|